[Event "XXVI Ciudad de Linares"]
[Site "Linares"]
[Date "2009.02.26"]
[Round "7"]
[White "Aronian, Levon"]
[Black "Ivanchuk, Vassily"]
[Result "0-1"]
[WhiteElo "2750"]
[BlackElo "2779"]
[PlyCount "87"]
[EventDate "2009.??.??"]
[EventCountry "ESP"]
[Source "Chess Tigers"]
[SourceDate "2009.01.01"]

1. d4 Nf6 2. c4 g6 3. Nc3 Bg7 4. e4 d6 5. Nf3 O-O 6. Be2 e5 7. Be3 c6 8. d5 Ng4
9. Bg5 f6 10. Bh4 c5 (10... Na6 11. Nd2 (11. O-O Nh6 12. Ne1 Nf7 13. Nd3 c5 14.
a3 Bd7 15. b4 b6 16. Rb1 Qc8 17. Qb3 h5 18. f3 Kh7 19. Bf2 Bh6 20. Qa2 Nc7 21.
a4 a5 22. bxa5 bxa5 23. Qb3 Na6 24. Nb5 f5 25. exf5 Bxf5 26. h3 Nb4 27. Rbe1
Nxd3 28. Bxd3 Bxh3 29. Bh4 Qd7 30. f4 Bxg2 31. Bxg6+ Kxg6 32. f5+ Kh7 33. Kxg2
Rg8+ 34. Kh1 Rg4 35. Qh3 Bf4 36. Nc3 Qxf5 37. Rf3 Rag8 38. Bf2 Qg6 39. Ne4 Ng5
40. Nxg5+ {0-1 Topalov,V (2725)-Bloessl,W (2180)/Frankfurt 1997/EXT 1998})
11... Nh6 12. a3 Nf7 13. f3 Bh6 14. Bf2 f5 15. Qc2 Bd7 16. b4 c5 17. Rb1 b6 18.
Nf1 Bf4 19. g3 Bh6 20. h4 Nc7 21. g4 fxg4 22. fxg4 Bf4 23. Ne3 Ne8 24. Ncd1 h6
25. h5 g5 26. Rg1 Nf6 27. Rg2 Qc8 28. Kf1 Nd8 29. Kg1 Nb7 30. Kh1 cxb4 31. axb4
a5 32. Nf5 Bxf5 33. exf5 axb4 34. Rxb4 Nc5 35. Rxb6 Nce4 36. Rc6 Qb7 37. Be1
Ra1 38. Bf3 Nc5 39. Bc3 Rc1 {1/2-1/2 Karpov,A (2730)-Kasparov,G (2800)/Lyon/
New York 1990/CBM 021}) 11. O-O (11. Nd2 Nh6 (11... h5 12. a3 Nh6 13. h3 Na6
14. Qc2 Bd7 15. Nb5 Qe7 16. O-O-O Rfc8 17. Kb1 Nc7 18. Qb3 Ne8 19. Nc3 Rcb8 20.
Bg3 Nf7 21. f4 exf4 22. Bxf4 a6 23. Qb6 f5 24. Rhe1 Qd8 25. Qxd8 Rxd8 26. Kc2
b5 27. exf5 Bxf5+ 28. Bd3 Bxd3+ 29. Kxd3 Be5 30. g3 g5 31. Bxe5 Nxe5+ 32. Kc2
bxc4 33. Nce4 Rab8 34. Nxd6 Rxb2+ 35. Kxb2 Nd3+ 36. Kc3 Nxe1 37. N6xc4 Ng2 38.
Rg1 Nf6 39. Rxg2 Nxd5+ 40. Kc2 Re8 41. Rf2 Ne3+ 42. Nxe3 Rxe3 43. Rf3 Re5 44.
Nc4 Re4 45. Kd3 Rd4+ 46. Kc3 Kg7 47. Rf5 Kh6 48. Rxc5 Rd1 49. Ne5 Rg1 50. g4
Rg3+ 51. Kb4 Rxh3 52. Rc6+ Kh7 53. Rg6 hxg4 54. Rxg5 g3 55. a4 Kh6 56. Nf7+ Kh7
57. Rg4 {1-0 Halkias,S (2528)-Simeonidis,I (2329)/Athens 2002/CBM 091 ext}) 12.
Rb1 (12. f3 Nf7 13. Bd3 (13. a3 Bh6 14. Bf2 f5 (14... Nd7 15. Qc2 Kh8 16. h4
Rg8 17. g3 f5 18. exf5 gxf5 19. Qxf5 Bxd2+ 20. Kxd2 Nf6 21. Qc2 e4 22. Nxe4 Bf5
23. Rae1 Ne5 24. Kc1 Bxe4 25. fxe4 Qe8 26. h5 a6 27. Ref1 Nfg4 28. Bxg4 Rxg4
29. Be1 b5 30. Rf6 bxc4 31. Re6 Qf8 32. Qe2 Qg7 33. h6 Qg8 34. Kb1 Re8 35. Rxd6
Rxg3 36. Bxg3 Qxg3 37. Rf1 Ng6 38. Re6 Rb8 39. Qf3 Qc7 40. Qc3+ Kg8 41. d6 {
1-0 Volkov,S (2485)-Zontakh,A (2550)/St Petersburg 1996/CBM 056 ext}) 15. b4 b6
16. Nb3 Nd7 17. O-O Nf6 18. bxc5 bxc5 19. Rb1 Nh5 20. Re1 Ng5 21. Bf1 fxe4 22.
fxe4 Nh3+ 23. gxh3 Qg5+ 24. Kh1 Rxf2 25. Re2 Rf6 26. Rg2 Qh4 27. Rg4 Rxf1+ {
0-1 Kiselev,S (2505)-Dydyshko,V (2545)/Berlin 1995/CBM 047 ext}) 13... Bh6 14.
Qe2 Nd7 15. a3 Kh8 16. Bc2 Rg8 17. h3 a6 18. Bd3 b6 19. Rb1 a5 20. Kd1 Nf8 21.
Kc2 Bd7 22. Nf1 a4 23. Ne3 Qe7 24. Rbf1 Bxe3 25. Qxe3 g5 26. Be1 Ng6 27. Rfg1
Rab8 28. h4 gxh4 29. Bxh4 Nxh4 30. Rxh4 f5 31. Rgh1 Rxg2+ 32. Kb1 f4 33. Rxh7+
Kg8 34. Qe1 Qf6 35. Bf1 Rg6 36. Qf2 Rd8 37. R7h5 Ng5 38. Be2 Kf7 39. Bd1 Ra8
40. Ka2 Ke7 41. Qh2 Nf7 42. Rh7 Rg3 43. Qf2 Rg5 44. R7h5 Rg3 45. Rh7 Rg5 46.
Qh2 Rgg8 47. Qf2 Rh8 48. Rxh8 Nxh8 49. Rh7+ Nf7 50. Qg1 Kf8 {1/2-1/2 Schenk,A 
(2509)-Kozul,Z (2609)/Austria 2007/EXT 2009}) 12... Nf7 13. Bg4 Nd7 14. Be6 h5
15. f3 Bh6 16. Qe2 Kg7 17. Bf2 Ng5 18. Bxd7 Bxd7 19. b4 b6 20. O-O Nf7 21. Be3
Bxe3+ 22. Qxe3 f5 23. exf5 gxf5 24. f4 cxb4 25. Rxb4 Qf6 26. fxe5 Nxe5 27. Ne2
Ng4 28. Qd4 Rae8 29. Qxf6+ Kxf6 30. Nf4 Kg5 31. g3 Kh6 32. Rb3 Re3 33. h3 Rxb3
34. axb3 Ne5 35. Nf3 Nxf3+ 36. Rxf3 Re8 37. Kf2 Re4 38. Re3 h4 39. Rxe4 hxg3+
40. Kxg3 fxe4 41. h4 a5 42. Ne2 b5 43. cxb5 Bxb5 44. Nd4 Bd3 45. Kf4 Kh5 46.
Nc6 Kxh4 47. Nxa5 Ba6 48. Nc4 {1-0 Sasikiran,K (2536)-Saravanan,V (2429)/Biel
1999/EXT 2000}) 11... h5 (11... Nh6 12. Ne1 (12. a3 Nd7 13. b4 Nf7 14. Ne1 h5
15. f3 a6 16. Rb1 Bh6 17. Kh1 b6 18. Bd3 Qc7 19. Qe2 Kg7 20. Nc2 Rh8 21. Rb2
Nf8 22. Ne3 Bd7 23. Rfb1 Ra7 24. Bf2 Qc8 25. Bc2 f5 26. bxc5 bxc5 27. Rb8 Qc7
28. exf5 Bxe3 29. f6+ Kxf6 30. Qxe3 Kg7 31. f4 h4 32. Ne4 Bf5 33. Be1 h3 34. g4
Bxg4 35. Bc3 Nd7 36. Rxh8 Kxh8 37. Nf2 Bh5 38. Qxh3 Kg7 39. Rg1 Nf6 40. Qg2 Nh8
41. fxe5 dxe5 42. Qg3 Ra8 43. Ne4 Re8 44. Ng5 Be2 45. Qh4 Qd7 46. h3 Bh5 47.
Qg3 Nf7 48. Nxf7 Qxf7 49. Be4 Rf8 50. Rf1 Qd7 51. Kh2 Qe7 52. Qg5 Rf7 53. d6
Qd8 54. d7 {1-0 Huzman,A (2578)-Miroshnichenko,E (2520)/Ohrid 2001/CBM 084})
12... Nd7 13. Rb1 (13. f3 Nf7 14. a3 Bh6 15. Bf2 f5 16. b4 b6 17. Nd3 Nf6 18.
Kh1 Nh5 19. bxc5 bxc5 20. Rb1 Bg5 21. exf5 Bxf5 22. Ne4 Bh6 23. Rb7 Bc8 24. Rb2
Bf5 25. Re1 Rb8 26. Rxb8 Qxb8 27. Qc2 Qd8 28. Rb1 Nf6 29. Ng3 e4 30. fxe4 Nxe4
31. Nxf5 gxf5 32. Rf1 Nd2 33. Rg1 Qe7 34. Bf3 Nh8 35. Be1 Nxf3 36. gxf3+ Ng6
37. Bf2 Bg7 38. Re1 Qg5 39. Qe2 Kh8 40. Bg3 Qf6 41. Nf4 Nxf4 42. Bxf4 Bh6 43.
Bxh6 Qxh6 44. Qe7 Qg7 45. Qxg7+ Kxg7 46. Kg2 Kf7 47. Kg3 Rg8+ 48. Kf4 Rg2 49.
Re6 Rxh2 50. Rxd6 Rh4+ 51. Kxf5 Rxc4 52. Rd7+ Ke8 53. Rxh7 Rc3 54. Rxa7 Rxf3+
55. Ke6 Re3+ 56. Kd6 c4 57. Ra8+ Kf7 58. Rc8 Rxa3 59. Rxc4 Rd3 60. Re4 Ra3 61.
Kc7 Ra7+ 62. Kb6 {1-0 Socko,B (2631)-Maiwald,J (2508)/Germany 2008/CB50_2008})
(13. Bd3 a6 14. a3 Qe8 15. b4 f5 16. f3 Bf6 17. Bf2 Qe7 18. Rb1 f4 19. Na4 b6
20. bxc5 bxc5 21. Be2 Nf7 22. Nd3 Bh4 23. Qd2 Bxf2+ 24. Nxf2 Qd8 25. Rb3 Rb8
26. Rfb1 Rxb3 27. Rxb3 h5 28. Bf1 g5 29. Be2 Kh7 30. Kf1 Rg8 31. Ke1 Nh6 32. g4
hxg4 33. fxg4 Rh8 34. Kd1 Kg7 35. h3 Ng8 36. Kc1 Ne7 37. Bf1 Ng6 38. Nb2 Qc7
39. a4 {1/2-1/2 Halkias,S (2546)-Banikas,H (2522)/Aspropyrgos 2003/CBM 097 ext}
) 13... b6 14. a3 g5 15. Bg3 f5 16. exf5 Nxf5 17. Ne4 h6 18. Nc2 Nf6 19. Bd3
Qe8 20. Ne3 Nxe4 21. Bxe4 h5 22. Qd3 Qf7 23. f3 Nxe3 24. Qxe3 Bh6 25. Be1 Qg7
26. Bd2 Rf6 27. Qd3 g4 28. Bxh6 Qxh6 29. fxg4 Bxg4 30. Rxf6 Qxf6 31. Rf1 Qg7
32. h3 Bd7 33. Qf3 Be8 34. Qf5 Qf7 35. Qg5+ Qg7 36. Qh4 Qh6 37. Rf6 Qe3+ 38.
Kh2 Kg7 39. Rf3 {1-0 Topalov,V (2750)-Kramnik,V (2765)/Las Palmas 1996/CBM 057}
) 12. Ne1 (12. h3 Nh6 13. Ne1 Na6 14. Nd3 Nb4 15. Ne1 Nf7 16. a3 Na6 17. Nd3
Qe8 18. b4 Bd7 19. Re1 b6 20. b5 Nc7 21. a4 Qe7 22. a5 Bh6 23. Ra3 Ng5 24. Kh1
Qg7 25. Bf1 Nh7 26. Bg3 Rfe8 27. f4 h4 28. Bh2 Red8 29. Re2 exf4 30. Nxf4 Ng5
31. Rea2 Rac8 32. axb6 axb6 33. Nd3 Nf7 34. Ra7 f5 35. Na4 Na8 36. exf5 Bxf5
37. Qa1 Re8 38. Nab2 Qf8 39. Nf4 Ne5 40. Ne6 Bxe6 41. dxe6 Nc7 42. Na4 Bg7 43.
Qb1 Rxe6 44. Nxb6 Rce8 45. Rxc7 Ng4 46. Bg1 Re1 47. Qxg6 Rxf1 48. Rxg7+ {1-0
Van Wely,L (2643)-Sasikiran,K (2573)/New Delhi/Teheran 2000/CBM 081}) (12. Nd2
Rf7 13. a3 a5 14. Rb1 Na6 15. h3 Nh6 16. Bg3 f5 17. exf5 Nxf5 18. Bd3 Bh6 19.
Nde4 Nc7 20. b4 axb4 21. axb4 cxb4 22. Rxb4 Ra5 23. Re1 Na6 24. Rb1 Nc5 25.
Nxc5 Rxc5 26. Ne4 Ra5 27. Qb3 Nxg3 28. fxg3 Bf5 29. Qb4 Bxe4 30. Bxe4 Kg7 31.
Qc3 b6 32. Qd3 Rf6 33. Rf1 Ra2 34. h4 Rd2 35. Qb3 Rd4 36. Qc2 Be3+ 37. Kh2 Rf4
38. Rxf4 exf4 39. Bxg6 fxg3+ {0-1 Lingnau,C (2427)-Baklan,V (2606)/Werther
2004/CBM 099 ext}) 12... Nh6 (12... Na6 13. a3 Qe7 14. Rb1 (14. Nc2 Nh6 15. f3
Nf7 16. Bd3 Bh6 17. Re1 Kg7 18. Ne3 Bg5 19. Bf2 h4 20. Rb1 Nh6 21. b4 f5 22.
exf5 gxf5 23. Rb3 Bd7 24. Nf1 b6 25. Bc2 Qf6 26. Nb5 e4 27. Qa1 Qxa1 28. Rxa1
Bf6 29. Rd1 cxb4 30. axb4 exf3 31. gxf3 Bxb5 32. cxb5 Nc7 33. Ne3 f4 34. Nf5+
Nxf5 35. Bxf5 Nxb5 36. Bd7 Nc3 37. Rd2 a5 38. Bxb6 a4 39. Ra3 h3 40. Rd3 Rfb8
41. Ba5 Rxa5 42. bxa5 Rb1+ 43. Kf2 Bh4# {0-1 Ibrahimov,R (2568)-Mamedov,N 
(2607)/Baku 2009/CB05_2009}) (14. h3 Nh6 15. Nd3 g5 16. Bg3 g4 17. Bh4 gxh3 18.
Bxh5 Qd7 19. g3 h2+ 20. Kh1 f5 21. f3 Nc7 22. a4 Ne8 23. Rf2 Nf6 24. Bxf6 Rxf6
25. Rxh2 Qe7 26. Qe2 Bd7 27. Rg1 Rff8 28. Nf2 Bf6 29. g4 f4 30. g5 Bxg5 31.
Rxg5+ Qxg5 32. Rg2 Qg3 33. Rxg3+ fxg3 34. Nd3 Kh7 35. Qe3 Rg8 36. Kg2 Rg7 37.
Ne2 Rag8 38. f4 exf4 39. Ndxf4 Rg5 40. a5 Re5 41. Qf3 Ba4 42. b3 Bd7 43. Nxg3
Reg5 44. Nfe2 Ng4 45. Bf7 Rh8 46. Nf4 Rg7 47. Bg6+ Kg8 48. Bf5 Bxf5 49. exf5 {
1-0 Damljanovic,B (2534)-Motylev,A (2552)/Herceg Novi 2000/EXT 2001}) 14... Bd7
15. b4 b6 16. Nc2 Nh6 17. f3 Nf7 18. a4 Rfc8 19. Nb5 Nd8 20. Bf2 Bh6 21. a5
bxa5 22. bxa5 Nf7 23. Bh4 Kg7 24. Rb3 Qd8 25. Qe1 Rcb8 26. Qc3 Rb7 27. Rfb1
Rab8 28. Kh1 Bf4 29. Bf2 Bg5 30. Bd3 Nc7 31. Be1 Na6 32. Bf2 Nc7 33. Be1 Na6
34. R3b2 Bf4 35. Kg1 Qh8 36. Rb3 Qd8 37. R3b2 Kg8 38. Rb3 Kg7 39. Qa1 Qh8 40.
Qa2 Qd8 41. Qa1 Bg5 42. R1b2 Qe7 43. Qb1 Bc8 44. Nc3 {1/2-1/2 Lautier,J (2660)
-Svidler,P (2660)/Tilburg 1997/CBM 061}) 13. f3 Nf7 $146 (13... g5 14. Bf2 f5
15. exf5 Nxf5 16. Nc2 Nd4 17. Nxd4 exd4 18. Ne4 Be5 19. Bg3 Bxg3 20. hxg3 Bf5
21. Bd3 Nd7 22. f4 Qe8 23. Re1 {1/2-1/2 Ibrahimov,R (2527)-Mamedov,N (2574)/
Baku 2008/CBM 122 Extra}) 14. Rb1 Bh6 15. Bf2 Na6 16. a3 b6 17. b4 f5 18. exf5
gxf5 19. f4 Bxf4 20. Bxh5 Bd7 21. Rb3 Qg5 22. b5 Nc7 23. Bxf7+ Rxf7 24. Ne2 Rg7
25. Nxf4 Qxf4 26. Bxc5 Qh6 27. Be3 f4 28. Bc1 Bg4 29. Qd2 Rf8 30. Nd3 Ne8 31.
Nxf4 Rxf4 32. Rxf4 Qxf4 33. Qxf4 exf4 34. Bxf4 Rf7 35. g3 Re7 36. h3 Bxh3 37.
Kf2 Nf6 38. g4 Bxg4 39. Re3 Ne4+ 40. Ke1 Kf7 41. a4 Nc5 42. Kd2 Rxe3 43. Kxe3
Ke7 44. Kd4 0-1

[Event "XXVI Ciudad de Linares"]
[Site "Linares"]
[Date "2009.02.26"]
[Round "7"]
[White "Dominguez Perez, Leinier"]
[Black "Wang, Yue"]
[Result "1/2-1/2"]
[WhiteElo "2717"]
[BlackElo "2739"]
[PlyCount "113"]
[EventDate "2009.??.??"]
[EventCountry "ESP"]
[Source "Chess Tigers"]
[SourceDate "2009.01.01"]

1. e4 e5 2. Nf3 Nf6 3. Nxe5 d6 4. Nf3 Nxe4 5. Nc3 Nxc3 6. dxc3 Be7 7. Be3 Nc6
8. Qd2 Be6 9. O-O-O Qd7 10. h4 (10. Kb1 a6 11. Nd4 (11. h3 h6 (11... O-O-O 12.
Ng5 Bxg5 13. Bxg5 f6 14. Be3 Rhe8 15. b3 Bf5 16. f3 Kb8 17. g3 Re7 18. Bg2 Rde8
19. Rde1 h5 20. g4 Bg6 21. Bf2 Rxe1+ 22. Rxe1 Rxe1+ 23. Qxe1 Qe7 24. Qd2 hxg4
25. hxg4 Qe6 26. Kb2 Bh7 27. Bf1 g5 28. Bc4 Qe5 29. Be3 Qe7 30. Be2 Ne5 31. Bf2
Nc6 32. Bf1 Qe5 33. Bc4 Bg6 34. Be3 Qg3 35. Bd5 Ne7 36. Bf2 Qe5 37. Bc4 Nc6 38.
Bf1 Bh7 39. Bg1 Bg6 40. Bh2 Qe7 41. Bg3 Ne5 42. Be2 Be8 43. f4 gxf4 44. Qxf4
Bd7 45. Bf2 Qg7 46. Bh4 Nxg4 47. Bxg4 {1/2-1/2 Bologan,V (2686)-Gashimov,V 
(2717)/Poikovsky 2008/CBM 125}) 12. g4 O-O-O 13. Bg2 f5 14. g5 Ne5 15. b3 Nxf3
16. Bxf3 f4 17. Bxf4 hxg5 18. Bxg5 Bxg5 19. Qxg5 Rxh3 20. Rxh3 Bxh3 21. Re1 Rf8
22. Bh5 Rf5 23. Qh4 Re5 24. Rxe5 dxe5 25. Bg6 Kb8 26. Kb2 Ka7 27. Qg5 Qg4 28.
Qe3+ Kb8 29. Bd3 Qe6 30. Qg3 Bg4 31. f3 Bh5 32. Qxg7 Qf7 33. Qh8+ Qe8 34. Qf6
Qf7 35. Qd8+ Ka7 36. Bc4 Qf4 37. Qxc7 Bxf3 38. Qc5+ Ka8 39. a4 Kb8 40. b4 e4
41. Qd4 Qh6 42. Qd8+ Ka7 43. Bd5 Qb6 44. Qe7 {1-0 Bologan,V (2700)-Charbonneau,
P (2527)/Edmonton 2005/CBM 107 ext}) (11. h4 h6 12. Bd3 Ne5 13. Nxe5 dxe5 14.
Qe2 O-O-O 15. f3 h5 16. Bf2 Qa4 17. c4 Bf6 18. b3 Qa5 19. Be4 Qc3 20. Be3 Rxd1+
21. Rxd1 Rd8 22. Rxd8+ Bxd8 23. Bd2 Qd4 24. Qe1 Bxh4 25. Qxh4 Qxd2 26. Qxh5
Qd1+ 27. Kb2 Qd4+ 28. Kb1 Qd1+ 29. Kb2 Qd4+ {1/2-1/2 Nisipeanu,L (2690)
-Erenburg,S (2582)/Germany 2007/CBM 118}) (11. Ng5 Bxg5 12. Bxg5 f6 13. Be3
O-O-O 14. b3 Kb8 15. h3 Bf5 16. Be2 Be4 17. f3 Bg6 18. Rhe1 Rhe8 19. Bf2 Re7
20. Kb2 Rde8 21. Bc4 Rxe1 22. Bxe1 Bf7 23. Bf1 Bg6 24. Bf2 Kc8 25. Re1 Rxe1 26.
Qxe1 Kd8 27. a3 Qf5 28. Bd3 Qg5 29. Bf1 Qf5 30. Bd3 Qg5 31. Bf1 Qf5 {1/2-1/2
Inarkiev,E (2669)-Gashimov,V (2703)/Elista 2008/CB01_2009}) 11... Nxd4 12. cxd4
d5 13. Bd3 Bf5 14. Rhe1 Bxd3 15. Qxd3 O-O 16. Bf4 Rfe8 17. Re3 Bd6 18. Bxd6
Rxe3 19. Qxe3 Qxd6 20. Re1 Kf8 21. a3 a5 22. Qh3 Kg8 23. Re5 Rd8 24. f4 f6 25.
Re3 b6 26. Qh5 Qd7 27. h4 g6 28. Qe2 Kf7 29. f5 Re8 30. fxg6+ hxg6 31. g3 Rxe3
32. Qxe3 Qf5 33. b3 c6 34. Qc3 Qe6 35. Kc1 f5 36. a4 Qe4 37. Qxc6 Qxd4 38. Qd7+
Kf6 39. Qd6+ Kf7 40. Qd7+ Kf6 41. Qd8+ Kf7 42. Qd7+ {1/2-1/2 Adams,M (2729)
-Gashimov,V (2679)/Baku 2008/CBM 124}) 10... h6 (10... O-O-O 11. Ng5 Bxg5 12.
hxg5 a6 13. b3 (13. Kb1 d5 14. Bd4 Nxd4 15. Qxd4 g6 16. Qa7 Qc6 17. Rh4 Qb6 18.
Qxb6 cxb6 19. Kc1 Rdf8 20. Re1 Kd7 21. Bd3 f6 22. Reh1 fxg5 23. Rxh7+ Rxh7 24.
Rxh7+ Kc6 25. Rg7 g4 26. Rxg6 Kd7 27. Be2 Rxf2 28. Bxg4 Bxg4 29. Rxg4 Rf1+ 30.
Kd2 b5 31. Rg7+ Kc6 32. Re7 Rg1 33. Re2 a5 34. a3 a4 35. Ke3 Rb1 36. g4 Rxb2
37. g5 Kd6 38. Kf2 {1-0 Zumsande,M (2404)-Citak,S (2258)/Budapest 2006/CBM 114
ext}) 13... Kb8 14. c4 Rdf8 15. Bd3 Bf5 16. Be2 Bg4 17. f3 Be6 18. Qc3 f6 19.
gxf6 Rxf6 20. b4 Ne7 21. Kb2 Nc8 22. b5 axb5 23. cxb5 Re8 24. Bd3 Bf5 25. Bc4
Be6 26. Bf1 Bg8 27. Bd4 Rf4 28. a4 Qf7 29. Qb3 Qf8 30. Bc4 Bxc4 31. Qxc4 Nb6
32. Qb3 d5 33. Rxh7 Nc4+ 34. Ka2 g5 35. Rh8 Qf7 36. Rxe8+ Qxe8 37. Bc3 g4 38.
Rxd5 gxf3 39. gxf3 Nb6 40. Re5 Qd8 41. a5 Ra4+ 42. Kb2 Nc4+ 43. Kc1 Qf8 44. Kb1
Na3+ 45. Ka1 Rf4 46. Ka2 Nc4 47. Rh5 Rxf3 48. b6 cxb6 49. axb6 Nxb6 50. Rb5 Nd7
51. Rxb7+ Kc8 52. Rxd7 Kxd7 53. Qb7+ Ke6 54. Qc6+ Qd6 55. Qxf3 Qa6+ 56. Kb1
Qb6+ 57. Bb2 {1-0 Leko,P (2747)-Gashimov,V (2703)/Elista 2008/CB01_2009}) (
10... Ne5 11. Kb1 Bf6 12. Nd4 Nc4 13. Bxc4 Bxc4 14. Bg5 Bxg5 15. hxg5 O-O-O 16.
b3 Bd5 17. f3 Rde8 18. c4 Be6 19. Rh4 b6 20. Nb5 a6 21. Nc3 Qe7 22. Re4 h6 23.
gxh6 Rxh6 24. f4 Qd7 25. Rde1 Rhh8 26. Qd3 f5 27. R4e3 Bf7 28. c5 bxc5 29.
Qxa6+ Kd8 30. Qa8+ Qc8 31. Qa5 Qb7 32. Nb5 Qc6 33. a4 Rxe3 34. Rxe3 Re8 35. Rg3
g6 36. Rh3 c4 37. b4 Bg8 38. Kb2 Re7 39. Qa7 Kc8 40. Rh8 Re8 41. Qd4 Kb8 42.
Qg7 c3+ 43. Qxc3 {1-0 Delgado Ramirez,N (2523)-Hernandez,G (2329)/Guarapari
2006/EXT 2007}) (10... a6 11. Ng5 O-O-O 12. Nxe6 Qxe6 13. Kb1 Rhe8 14. g3 f5
15. Bg2 Bf6 16. h5 Ne5 17. Qd4 Nc6 18. Qa4 Qd7 19. c4 Be5 20. Bg5 Bf6 21. Bxf6
gxf6 22. c5 Re5 23. cxd6 cxd6 24. Rh4 Qe8 25. Qf4 Kc7 26. Qf3 a5 27. a3 Qe6 28.
Qd3 d5 29. Rf4 Re4 30. Bxe4 fxe4 31. Qe2 Rg8 32. c4 dxc4 33. Qxe4 Ne5 34. Qxh7+
{1-0 Zawadzka,J (2354)-Korosciel,A (2105)/Chotowa 2007/EXT 2009}) 11. Nd4 $146
(11. Kb1 O-O-O 12. Nd4 Nxd4 13. Bxd4 Rhg8 14. h5 c5 15. Be3 Qc6 16. f3 Rge8 17.
Bd3 d5 18. Qf2 Qc7 19. g4 Kb8 20. Rhg1 Bd6 21. f4 f6 22. Qf3 Bf7 23. Bg6 Bxg6
24. hxg6 Qc6 25. Bc1 Bf8 26. f5 Re4 27. Qxe4 {1-0 Adams,M (2719)-Nielsen,P 
(2668)/Dortmund 2005/CBM 108}) (11. Bb5 a6 12. Ba4 b5 13. Bb3 Bf6 14. Bd5 Rb8
15. Kb1 Bxd5 16. Qxd5 Ne7 17. Qd3 Qf5 18. Qe2 O-O 19. Nd4 Bxd4 20. Bxd4 Nc6 21.
g4 Qe6 22. Qf3 Nxd4 23. cxd4 Rfe8 24. g5 Qe4 25. Qc3 b4 26. Qc4 Qe2 27. Qb3 h5
28. g6 Qe6 29. gxf7+ Qxf7 30. Qd3 Rb5 31. Rhg1 Rf5 32. Qxa6 Rxf2 33. Qb5 Ree2
34. Rc1 Re4 35. Qxb4 Rxh4 36. a4 c5 37. Qb8+ Qf8 38. Qxf8+ Kxf8 39. dxc5 dxc5
40. Rg5 Rxa4 41. Rxh5 Rc4 42. b3 Rcf4 43. Rxc5 Rf5 44. Rxf5+ Rxf5 45. c4 g5 46.
Kb2 g4 47. Rg1 Rg5 48. Rg3 Ke7 49. Kc3 Kd6 50. Kd4 Rg8 51. Ke4 Kc5 52. Kf5 Kb4
53. Rxg4 Rf8+ 54. Ke5 Rf3 55. Kd6 Rxb3 56. Kc6 Rh3 57. c5+ Ka5 58. Rd4 Rh6+ 59.
Rd6 Rh5 60. Rd5 Rh7 61. Re5 Rg7 62. Re6 Rg5 63. Rh6 Kb4 64. Rh4+ Ka5 65. Rh6
Kb4 66. Rh4+ Ka5 67. Rd4 Rg6+ 68. Rd6 Rg5 69. Rd5 Rg7 70. Re5 Rh7 71. Kd6 Kb5
72. c6+ Kb6 73. Re6 Rh1 74. Kd7 Rh7+ 75. Kd6 Rh1 76. Kd5 Rd1+ {1/2-1/2
Zawadzka,J (2389)-Socko,M (2473)/Karpacz 2008/CBM 126 Extra}) 11... Nxd4 12.
Bxd4 Rg8 13. c4 O-O-O 14. Qc3 g6 15. g3 Qa4 16. Kb1 c5 17. Bf6 Bxf6 18. Qxf6 h5
19. Rg1 Rge8 20. b3 Qb4 21. Kb2 Qb6 22. Bd3 d5 23. cxd5 Rxd5 24. Be4 Rdd8 25.
Rge1 Rxd1 26. Rxd1 c4 27. Rd2 cxb3 28. axb3 Kb8 29. Rd4 Qc7 30. Rb4 b6 31. Rd4
Rc8 32. c4 Re8 33. Bf3 a5 34. Kc3 Ka7 35. Qf4 Qxf4 36. gxf4 Rc8 37. Bd5 Rc5 38.
Bxe6 fxe6 39. Re4 Rf5 40. Kd3 Kb7 41. Ke3 Rf6 42. Re5 Kc6 43. Ke4 Kd7 44. Rb5
Kc6 45. Rg5 Kd6 46. Ke3 Kc6 47. Kf3 Kc7 48. Re5 Kd6 49. Rb5 Kc6 50. Rg5 Kc7 51.
Ke3 Kc6 52. Ke4 Kd6 53. f3 Kd7 54. Ke5 Ke7 55. Ke4 Kd6 56. Rb5 Kc6 57. Rg5
1/2-1/2

[Event "XXVI Ciudad de Linares"]
[Site "Linares"]
[Date "2009.02.28"]
[Round "8"]
[White "Grischuk, Alexander"]
[Black "Dominguez Perez, Leinier"]
[Result "1/2-1/2"]
[WhiteElo "2733"]
[BlackElo "2717"]
[PlyCount "94"]
[EventDate "2009.??.??"]
[EventCountry "ESP"]
[Source "Chess Tigers"]
[SourceDate "2009.01.01"]

1. d4 Nf6 2. c4 g6 3. Nc3 d5 4. cxd5 Nxd5 5. e4 Nxc3 6. bxc3 Bg7 7. Nf3 c5 8.
Be3 Qa5 9. Qd2 Nc6 10. Rb1 b6 11. Rc1 e6 12. d5 exd5 13. exd5 Ne7 14. Bg5 h6
15. Bxe7 Kxe7 16. Bc4 Re8 17. O-O Kf8 18. d6 Qa4 19. Bb3 Qd7 20. Rfe1 Bb7 21.
Bd5 Bxd5 22. Qxd5 Rad8 23. Rxe8+ Rxe8 24. c4 Qe6 25. Qb7 Qxd6 26. Qxa7 Bb2 27.
Rb1 Qd3 28. Rf1 Qxc4 29. Qxb6 Qb4 30. Qd6+ Kg7 31. h4 Re6 32. Qd5 c4 33. h5 Bf6
34. hxg6 Kxg6 35. a3 Qa4 36. Nd4 Re5 37. Qf3 Qd7 38. Nc2 Qd5 39. Qxd5 Rxd5 40.
Ne3 Rc5 41. Rc1 c3 42. a4 Be5 43. g3 Bc7 44. Kf1 f5 45. Ke2 f4 46. gxf4 Bxf4
47. a5 Rxa5 1/2-1/2

[Event "XXVI Ciudad de Linares"]
[Site "Linares"]
[Date "2009.02.28"]
[Round "8"]
[White "Carlsen, Magnus"]
[Black "Aronian, Levon"]
[Result "0-1"]
[WhiteElo "2776"]
[BlackElo "2750"]
[PlyCount "186"]
[EventDate "2009.??.??"]
[EventCountry "ESP"]
[Source "Chess Tigers"]
[SourceDate "2009.01.01"]

1. d4 d5 2. c4 c6 3. Nf3 Nf6 4. Nc3 e6 5. e3 Nbd7 6. Qc2 Bd6 7. g4 h6 8. Bd2
dxc4 9. Bxc4 b5 10. Be2 Bb7 11. e4 Be7 12. g5 hxg5 13. Nxg5 b4 14. Na4 c5 15.
Nxc5 Nxc5 16. dxc5 Rc8 17. Qa4+ Bc6 18. Bb5 Bxb5 19. Qxb5+ Qd7 20. Qxd7+ Nxd7
21. Ke2 Rh4 22. Rac1 Rxc5 23. Rxc5 Bxc5 24. f4 e5 25. h3 exf4 26. Nf3 Rh6 27.
Bxf4 Re6 28. Nd2 Bd4 29. Rb1 Ra6 30. a3 bxa3 31. bxa3 Rxa3 32. Nc4 Ra2+ 33. Kd3
Bf2 34. Bd6 Nb6 35. Bb4 Nxc4 36. Kxc4 Bb6 37. Kd5 Rg2 38. Rb3 Rg5+ 39. e5 Bc7
40. Bd6 Bxd6 41. Kxd6 Rg6+ 42. Kd5 Rb6 43. Rc3 Kd7 44. Rf3 Ke7 45. Rc3 Rb7 46.
Rc6 g6 47. Ra6 Kf8 48. Ke4 Kg7 49. Kf4 Re7 50. Ra5 Kh6 51. Kg4 a6 52. Rxa6 Rxe5
53. Rb6 Re3 54. Ra6 f5+ 55. Kh4 Re4+ 56. Kg3 Kg5 57. Ra3 Re2 58. Kf3 Rh2 59.
Kg3 Rb2 60. Ra8 Rb3+ 61. Kg2 Kf4 62. Ra4+ Ke3 63. h4 Rb6 64. Kg3 Rd6 65. Rf4
Rd1 66. Rf3+ Ke4 67. Rf4+ Ke5 68. Ra4 f4+ 69. Kg2 Rd2+ 70. Kf3 Rd3+ 71. Kg2
Rg3+ 72. Kh2 Kf5 73. Ra6 Re3 74. Ra5+ Re5 75. Ra2 Kg4 76. Rg2+ Kh5 77. Kh3 Ra5
78. Rg1 Ra3+ 79. Kh2 Ra6 80. Kh3 Ra5 81. Rg2 Rc5 82. Rg1 f3 83. Kg3 Rf5 84. Rf1
f2 85. Kh3 Rf3+ 86. Kg2 Kg4 87. h5 Rg3+ 88. Kh2 Kf3 89. Ra1 Rg2+ 90. Kh1 Rg5
91. Ra3+ Kf4 92. Ra4+ Kg3 93. Ra3+ Kh4 0-1